| 000 | 01141nam a22003497a 4500 | ||
|---|---|---|---|
| 003 | CHAP | ||
| 005 | 20220817042056.0 | ||
| 008 | 971013s1980 r 00010 d | ||
| 010 | _a33765 | ||
| 011 | _a34737 | ||
| 035 | _a38853 | ||
| 040 | _cCHAP | ||
| 082 |
_a631.847 _bM4 |
||
| 100 | 0 | 0 |
_aMeisinger, J. J. _974221 |
| 245 | _aNitrification inhitors poatentials and limitations | ||
| 260 |
_aMadison, Wis. : _bAmerican Society of Agronomy, _c1980 |
||
| 300 |
_a129 p. _b: ilus. ; gráfs |
||
| 490 |
_aASA. Special publication _v; 38 |
||
| 590 |
_aBATCH-UPD _b10 _c20130110 _lUCH01 _h0051 |
||
| 590 |
_aBATCH-UPD _b10 _c20130110 _lUCH01 _h2102 |
||
| 590 |
_aBATCH-UPD _b10 _c20130409 _lUCH01 _h2038 |
||
| 590 |
_aBATCH-UPD _b10 _c20130914 _lUCH01 _h0502 |
||
| 590 |
_aCONVERSION _b10 _c20130109 _lUCH01 _h1319 |
||
| 650 | 1 | 4 |
_aFertilizantes nitrogenados. _940596 |
| 650 | 1 | 4 |
_aNitrificación. _981394 |
| 700 | 0 |
_aRandall, G. W. _994556 |
|
| 700 | 0 |
_aVitosh, M. L. _9120079 |
|
| 830 | 0 |
_aASA special publication _v; 38 |
|
| 901 | _aBK | ||
| 942 | _cLIBRO | ||
| 949 |
_a631.847 M4 _bBC _cLIBRO _d33724000172839 _eLIBRO _h68185 _i38853 _mDir _si _t2.76 |
||
| 999 |
_c33765 _d33765 |
||